Western civilization beyond boundaries / (Record no. 251257)
[ view plain ]
| 000 -LEADER | |
|---|---|
| fixed length control field | 01139cam a2200337 a 4500 |
| 001 - CONTROL NUMBER | |
| control field | 14559447 |
| 003 - CONTROL NUMBER IDENTIFIER | |
| control field | OSt |
| 005 - DATE AND TIME OF LATEST TRANSACTION | |
| control field | 20170227110926.0 |
| 008 - FIXED-LENGTH DATA ELEMENTS--GENERAL INFORMATION | |
| fixed length control field | 060920s2008 mauab b 001 0 eng |
| 010 ## - LIBRARY OF CONGRESS CONTROL NUMBER | |
| LC control number | 2006935032 |
| 020 ## - INTERNATIONAL STANDARD BOOK NUMBER | |
| International Standard Book Number | 9780618834235 (instructor's ed.) |
| International Standard Book Number | 0618834230 (instructor's ed.) |
| International Standard Book Number | 0618794247 (complete student text) |
| International Standard Book Number | 0618794255 (student text v. 1) |
| International Standard Book Number | 0618794263 (student text v. 2) |
| International Standard Book Number | 0618794271 (student text v. a) |
| International Standard Book Number | 061879428X (student text v. b) |
| International Standard Book Number | 0618794298 (student text v. c) |
| 040 ## - CATALOGING SOURCE | |
| Original cataloging agency | DLC |
| Transcribing agency | DLC |
| 050 00 - LIBRARY OF CONGRESS CALL NUMBER | |
| Classification number | CB245 |
| Item number | .W4843 2008 |
| 100 ## - MAIN ENTRY--PERSONAL NAME | |
| Personal name | Thomas F.X. Noble, |
| 245 00 - TITLE STATEMENT | |
| Title | Western civilization beyond boundaries / |
| Statement of responsibility, etc | Thomas F.X. Noble ... [et al.]. |
| 250 ## - EDITION STATEMENT | |
| Edition statement | 5th ed. |
| 260 ## - PUBLICATION, DISTRIBUTION, ETC. (IMPRINT) | |
| Place of publication, distribution, etc | Boston : |
| Name of publisher, distributor, etc | Houghton Mifflin Co., |
| Date of publication, distribution, etc | c2008. |
| 300 ## - PHYSICAL DESCRIPTION | |
| Extent | xxxii, 983, 20, 48 p. : |
| Other physical details | ill. (chiefly col.), col. maps ; |
| Dimensions | 29 cm. |
| 650 #0 - SUBJECT ADDED ENTRY--TOPICAL TERM | |
| Topical term or geographic name as entry element | Civilization, Western. |
| 700 1# - ADDED ENTRY--PERSONAL NAME | |
| Personal name | Noble, Thomas F. X. |
| 906 ## - LOCAL DATA ELEMENT F, LDF (RLIN) | |
| a | 7 |
| b | cbc |
| c | orignew |
| d | 3 |
| e | epcn |
| f | 20 |
| g | y-gencatlg |
| 942 ## - ADDED ENTRY ELEMENTS (KOHA) | |
| Source of classification or shelving scheme | Library of Congress Classification |
| Koha item type | Long Loan Books |
| Withdrawn status | Lost status | Source of classification or shelving scheme | Damaged status | Not for loan | Collection code | Home library | Current library | Shelving location | Date acquired | Total Checkouts | Full call number | Barcode | Date last seen | Date checked out | Price effective from | Koha item type |
|---|---|---|---|---|---|---|---|---|---|---|---|---|---|---|---|---|
| Library of Congress Classification | Non-fiction | Rongo University Library | Rongo University Library | General Stacks | 12/11/2015 | 3 | CB245 .W4843 2008 | 20157421 | 22/03/2016 | 15/03/2016 | 12/11/2015 | Long Loan Books | ||||
| Library of Congress Classification | Non-fiction | Rongo University Library | Rongo University Library | General Stacks | 22/02/2017 | CB245 .W4843 2008 | 20154947 | 22/02/2017 | 22/02/2017 | Long Loan Books | ||||||
| Library of Congress Classification | Non-fiction | Rongo University Library | Rongo University Library | General Stacks | 23/02/2017 | CB245 .W4843 2008 | 20168363 | 23/02/2017 | 23/02/2017 | Long Loan Books | ||||||
| Library of Congress Classification | Non-fiction | Rongo University Library | Rongo University Library | General Stacks | 24/02/2017 | 1 | CB245 .W4843 2008 | 20154943 | 20/07/2018 | 11/07/2018 | 24/02/2017 | Long Loan Books | ||||
| Library of Congress Classification | Non-fiction | Rongo University Library | Rongo University Library | General Stacks | 27/02/2017 | CB245 .W4843 2008 | 20168370 | 27/02/2017 | 27/02/2017 | Long Loan Books | ||||||
| Library of Congress Classification | Non-fiction | Rongo University Library | Rongo University Library | General Stacks | 27/02/2017 | 4 | CB245 .W4843 2008 | 20158134 | 11/12/2018 | 21/11/2018 | 27/02/2017 | Long Loan Books | ||||
| Library of Congress Classification | Non-fiction | Rongo University Library | Rongo University Library | General Stacks | 27/02/2017 | CB245 .W4843 2008 | 20158133 | 27/02/2017 | 27/02/2017 | Long Loan Books | ||||||
| Library of Congress Classification | Non-fiction | Rongo University Library | Rongo University Library | General Stacks | 27/02/2017 | 2 | CB245 .W4843 2008 | 20158132 | 24/10/2018 | 12/10/2018 | 27/02/2017 | Long Loan Books | ||||
| Library of Congress Classification | Non-fiction | Rongo University Library | Rongo University Library | General Stacks | 07/03/2017 | CB245 .W4843 2008 | 201615441 | 07/03/2017 | 07/03/2017 | Long Loan Books | ||||||
| Library of Congress Classification | Rongo University Library | Rongo University Library | 15/03/2017 | CB245 .W4843 2008 | 20154948 | 15/03/2017 | 15/03/2017 | Long Loan Books | ||||||||
| Library of Congress Classification | Non-fiction | Rongo University Library | Rongo University Library | General Stacks | 15/03/2017 | CB245 .W4843 2008 | 20157310 | 15/03/2017 | 15/03/2017 | Long Loan Books | ||||||
| Library of Congress Classification | Non-fiction | Rongo University Library | Rongo University Library | General Stacks | 12/06/2020 | CB245 .W4843 2008 | 20154945 | 12/06/2020 | 12/06/2020 | Long Loan Books | ||||||
| Library of Congress Classification | Non-fiction | Rongo University Library | Rongo University Library | General Stacks | 11/07/2024 | CB245 .W4843 2008 | 20154939 | 11/07/2024 | 11/07/2024 | Long Loan Books |
